| 000 | 00349nam a22001337a 4500 | ||
|---|---|---|---|
| 999 |
_c13524 _d13524 |
||
| 020 | _a9781842228319 | ||
| 082 |
_a921 _bJEN |
||
| 100 | _aJennie Bond | ||
| 245 |
_aElizabeth _bFifty Glorious Years |
||
| 260 |
_aLondon _bCarlton Publishing Group _c2003 |
||
| 300 | _a176 pages | ||
| 650 | _aBiography, 50 years, Elizabeth, Queen, Britain | ||
| 942 | _cBK | ||